| 000 | 01186nam a2200241 a 4500 | ||
|---|---|---|---|
| 001 | 21326 | ||
| 003 | CO-ViMGA | ||
| 008 | 141112s2004 ck r 000 u spa d | ||
| 020 | _a9580477574 | ||
| 040 |
_aCO-ViMGA _bspa _cCO-ViMGA |
||
| 082 | 0 | 4 | _a658.81 G767h |
| 100 | 1 |
_aGross, Daniel; Cárdenas Arroyo, Felipe Tr. _930414 |
|
| 245 | 1 | 0 |
_aHistorias de Forbes : _b15 relatos de empresarios que cambiaron la manera como vivimos y hacemos negocios hoy |
| 260 |
_aBogotá; Norma, _c1997 |
||
| 300 | _a270 | ||
| 505 | _aJohm D. Rockefeller y la corporación moderna 5 - - Chsrles Merrill y la democratización de la propiedad accionaria 71 - - Walt Disney y su imperio de entretenimiento familiar 121 - - David Ogilvy y la creación de la publicidad moderna 123 - - Américan express y la tarjeta de credito 195 | ||
| 590 | _aForma de adquisición : compra fact. 0860 - - Precio : 21600 - - Proveedor : Temas y libros - - Fecha de adquisición : Mayo 2007 | ||
| 650 | 1 | 4 |
_aADMINISTRACION DE VENTAS _953334 |
| 650 | 1 | 4 |
_aEMPRESARIOS - ESTUDIO DE CAMPOS _930415 |
| 650 | 1 | 4 |
_aFORBES - COLECCIONES DE ESCRITOS _930416 |
| 650 | 1 | 4 |
_aNEGOCIOS - ESTUDIO DE CAMPOS _930417 |
| 942 |
_2ddc _cBK |
||
| 999 |
_c29946 _d29946 |
||